| 000 | 00349nam a2200133Ia 4500 | ||
|---|---|---|---|
| 008 | 220217s9999||||xx |||||||||||||| ||und|| | ||
| 020 | _a9788126524563 | ||
| 082 | _a004.165 PEC | ||
| 100 | _aPeckol, James K | ||
| 245 | 0 | _aEmbedded systems | |
| 260 |
_aWiley india _bNew Delhi _c2013 |
||
| 300 |
_aXLVI, 810p. _b599 |
||
| 650 | _aMICROPROCESSOR | ||
| 999 |
_c185321 _d185321 |
||